000 00284nam a22001337a 4500
008 170502b xxu||||| |||| 00| 0 eng d
020 _a9780312037475
041 _aeng
080 _a341
100 _a13
101 _aSHM
245 _aWORLD SECURITY
_cKLARE.M.T
942 _2udc
_cBK
999 _c12441
_d12441